[Event "Titled Tue 24th Jun Late"]
[Site "chess.com INT"]
[Date "2025.06.24"]
[Round "11"]
[White "Beulen, Marcel"]
[Black "Shafer, Logan C"]
[Result "0-1"]
[WhiteTitle "FM"]
[BlackTitle "CM"]
[WhiteElo "2359"]
[BlackElo "2217"]
[WhiteFideId "1001450"]
[BlackFideId "30993342"]
[EventDate "2025.06.24"]

1. e4 e5 2. Nf3 Nf6 3. Nc3 Bc5 4. Nxe5 Nc6 5. Nd3 Bd4 6. Be2 Bxc3 7. dxc3 Nxe4
8. O-O O-O 9. Be3 d5 10. f3 Nf6 11. Qd2 Bf5 12. Rfe1 Bg6 13. Rad1 Re8 14. Bf2 b6
15. Bf1 Qd7 16. Nf4 Rxe1 17. Bxe1 Re8 18. Bf2 Rd8 19. Bh4 Qf5 20. Bd3 Qe5 21.
Bxg6 hxg6 22. Bxf6 gxf6 23. Nxd5 Kg7 24. c4 Qxb2 25. Qe2 Qe5 26. Re1 Qxe2 27.
Rxe2 Rd7 28. Ne3 Nd4 29. Rf2 Re7 30. Nd5 Re1+ 31. Rf1 Re2 32. Nxc7 Rxc2 33. Nb5
Ne2+ 34. Kh1 a6 35. Nd6 Rxa2 36. g3 Rd2 37. Ne4 Rc2 38. Ra1 a5 39. c5 bxc5 40.
Rxa5 c4 41. Rc5 Nd4 42. f4 Nf3 43. h3 Rh2# 0-1

[Event "Titled Tue 24th Jun Late"]
[Site "chess.com INT"]
[Date "2025.06.24"]
[Round "11"]
[White "Yushko, Olga"]
[Black "Fernandez Bustamante, Leancy B."]
[Result "0-1"]
[WhiteTitle "WFM"]
[BlackTitle "WFM"]
[WhiteElo "2033"]
[BlackElo "2130"]
[WhiteFideId "14114500"]
[BlackFideId "3523870"]
[EventDate "2025.06.24"]

1. d4 c5 2. d5 d6 3. c4 e5 4. Nc3 Nf6 5. e4 g6 6. Bd3 Bg7 7. Nge2 O-O 8. O-O Na6
9. f4 exf4 10. Bxf4 Ng4 11. Nb5 Ne5 12. Qe1 Nxd3 13. Qg3 Nxf4 14. Qxf4 Be5 15.
Qf3 Nc7 16. Na3 h5 17. Nc2 Bg4 18. Qb3 Bxe2 19. Rf2 Bg4 20. Qxb7 Rb8 21. Qxa7
Rxb2 22. Raf1 Qb8 23. Qa3 Ne8 24. h3 Bd7 25. Qf3 Nf6 26. a3 Rb3 27. Qd1 Nxe4 28.
Rf3 Rxf3 29. Rxf3 Qb2 30. Ne1 Bd4+ 31. Kh2 Be5+ 32. Kg1 Qd4+ 33. Qxd4 Bxd4+ 34.
Kh2 Ra8 35. Rb3 Nd2 36. Rb7 Bf5 37. Nf3 Nxc4 38. Ng5 Ne5 39. Rb6 Be3 0-1

[Event "Titled Tue 24th Jun Late"]
[Site "chess.com INT"]
[Date "2025.06.24"]
[Round "11"]
[White "Jacobsen, Mikkel Manosri"]
[Black "Sitbon, Itay"]
[Result "1-0"]
[WhiteTitle "FM"]
[WhiteElo "2223"]
[BlackElo "2206"]
[WhiteFideId "1444514"]
[BlackFideId "2820706"]
[EventDate "2025.06.24"]

1. d4 Nf6 2. Nf3 b6 3. Bf4 Bb7 4. e3 e6 5. Nbd2 Nh5 6. c3 Nxf4 7. exf4 g6 8. h4
h5 9. Bd3 Bg7 10. Qc2 Qe7 11. Ne4 d6 12. Neg5 Rf8 13. O-O-O Nd7 14. Bxg6 fxg6
15. Qxg6+ Rf7 16. Nxe6 Qf6 17. Nxc7+ Kd8 18. Qxf6+ Rxf6 19. Nxa8 Bxa8 20. d5
Rxf4 21. Ng5 Nc5 22. b4 Rxf2 23. bxc5 Bxc3 24. c6 Kc7 25. Rhf1 Rxa2 26. Rf7+ Kb8
27. Rf8+ Kc7 28. Ne6# 1-0

[Event "Titled Tue 24th Jun Late"]
[Site "chess.com INT"]
[Date "2025.06.24"]
[Round "11"]
[White "Nihal, Sarin"]
[Black "Matinian, Nikita"]
[Result "1-0"]
[WhiteTitle "GM"]
[BlackTitle "GM"]
[WhiteElo "2696"]
[BlackElo "2421"]
[WhiteFideId "25092340"]
[BlackFideId "24129100"]
[EventDate "2025.06.24"]

1. e4 e5 2. Nc3 Nc6 3. Bc4 Nf6 4. d3 Bb4 5. h3 d5 6. exd5 Nxd5 7. Bd2 Nxc3 8.
bxc3 Bd6 9. Nf3 O-O 10. O-O Na5 11. Bd5 c6 12. Bb3 Nxb3 13. axb3 f6 14. Re1 a5
15. c4 b5 16. Bc3 Re8 17. d4 e4 18. Nd2 Bf5 19. Nf1 Bg6 20. Ne3 f5 21. c5 Bb8
22. Bb2 f4 23. Ng4 Qd5 24. Qe2 f3 25. Qf1 Bf4 26. c4 bxc4 27. bxc4 Qh5 28. g3
Bc7 29. Ne3 Bf7 30. Rad1 Be6 31. h4 a4 32. d5 Bd7 33. dxc6 Bxc6 34. Rd5 Bxd5 35.
cxd5 a3 36. Ba1 Ba5 37. Rd1 a2 38. Qc4 Bd8 39. d6+ Kh8 40. c6 Bf6 41. d7 Rf8 42.
c7 Bxa1 43. Rxa1 Qe5 44. Qc1 Qe6 45. Qd2 Qe5 46. Qc1 Qe6 47. Qd1 Qe7 48. Rxa2
Rxa2 49. d8=Q 1-0

[Event "Titled Tue 24th Jun Late"]
[Site "chess.com INT"]
[Date "2025.06.24"]
[Round "11"]
[White "Rozman, Levy"]
[Black "Petersen, Marcel"]
[Result "1-0"]
[WhiteTitle "IM"]
[BlackTitle "CM"]
[WhiteElo "2324"]
[BlackElo "2236"]
[WhiteFideId "2039877"]
[BlackFideId "12935670"]
[EventDate "2025.06.24"]

1. c3 g6 2. Na3 Bg7 3. h4 h6 4. h5 g5 5. d4 d5 6. f4 g4 7. g3 Nf6 8. Bg2 Bf5 9.
Qb3 b6 10. c4 e6 11. e3 Be4 12. Bxe4 Nxe4 13. Ne2 O-O 14. Nb5 c5 15. Nbc3 cxd4
16. exd4 Nxc3 17. bxc3 Nc6 18. cxd5 Na5 19. Qc2 Qxd5 20. O-O Rac8 21. Be3 Nc4
22. Bf2 Nd6 23. Rac1 Qxh5 24. Qd3 Rc4 25. Kg2 Qd5+ 26. Kh2 Rfc8 27. Rh1 Ne4 28.
Be1 b5 29. Rd1 b4 30. cxb4 Rc2 31. Kg1 Nd6 32. Rh2 Rxa2 33. Nc3 Rxc3 34. Bxc3
Rxh2 35. Kxh2 Nf5 36. Qe2 h5 37. b5 Qb3 38. Rd3 Qxb5 39. d5 exd5 40. Bxg7 Kxg7
41. Qe5+ Kg6 42. Rxd5 1-0

[Event "Titled Tue 24th Jun Late"]
[Site "chess.com INT"]
[Date "2025.06.24"]
[Round "11"]
[White "Khoo-Thwe, Louis"]
[Black "Deichmann, Esteban Horacio"]
[Result "1-0"]
[WhiteTitle "CM"]
[WhiteElo "2214"]
[BlackElo "2103"]
[WhiteFideId "1538756"]
[BlackFideId "167410"]
[EventDate "2025.06.24"]

1. e4 e6 2. d4 d5 3. Nc3 Nf6 4. e5 Nfd7 5. f4 c5 6. Nf3 Nc6 7. Be3 a6 8. Qd2 b5
9. Qf2 cxd4 10. Nxd4 Bb7 11. Bd3 Qc7 12. O-O Nxd4 13. Bxd4 Bc5 14. Ne2 Qb6 15.
c3 g6 16. Bxc5 Nxc5 17. Bc2 Rc8 18. Nd4 Ne4 19. Qe3 O-O 20. Bxe4 dxe4 21. Nf5
Qxe3+ 22. Nxe3 Rfd8 23. Rfd1 Bd5 24. Kf2 h5 25. Rd4 Rc5 26. Rad1 Kf8 27. Rxe4
Rdc8 28. Red4 Bxa2 29. Ra1 Bd5 30. Rxa6 Ke7 31. Nxd5+ exd5 32. Rd6 Rd8 33. Rxd8
Kxd8 34. b4 Rxc3 35. Rxd5+ Ke7 36. Rxb5 Rc4 37. Ke3 Ke6 38. Rb6+ Kf5 39. Rf6+
Kg4 40. Rxf7 Rxb4 41. e6 Rb6 42. e7 Re6+ 43. Kd4 Re2 44. Kd5 Kh4 45. Kd6 g5 46.
fxg5 Rd2+ 47. Kc7 Rc2+ 48. Kd8 Rd2+ 49. Ke8 Ra2 50. Kf8 Re2 51. e8=Q Re3 52.
Qxe3 Kg4 53. Qf4# 1-0

[Event "Titled Tue 24th Jun Late"]
[Site "chess.com INT"]
[Date "2025.06.24"]
[Round "11"]
[White "Gattani, Sarthak"]
[Black "Donoso Aguirre, Maximiliano"]
[Result "0-1"]
[BlackTitle "CM"]
[WhiteElo "1944"]
[BlackElo "2050"]
[WhiteFideId "30995965"]
[BlackFideId "3458920"]
[EventDate "2025.06.24"]

1. d4 d5 2. Bf4 Nf6 3. e3 e6 4. Nf3 Bd6 5. Bg3 O-O 6. Nbd2 c5 7. c3 Qc7 8. Ne5
Nbd7 9. f4 Ne4 10. Bd3 f5 11. Bxe4 fxe4 12. O-O Bxe5 13. fxe5 b6 14. Qg4 Qc6 15.
Bh4 Ba6 16. Rxf8+ Rxf8 17. Nf1 Rxf1+ 18. Rxf1 Bxf1 19. Kxf1 Qb5+ 20. Kg1 Nf8 21.
Be7 Qxb2 22. Bxf8 Qc1+ 23. Kf2 Qd2+ 24. Kf1 Kxf8 25. Qxe6 Qxe3 26. Qxd5 Qd3+ 27.
Ke1 Qxc3+ 28. Kf2 Qxd4+ 29. Qxd4 cxd4 30. Kg3 d3 31. Kf2 Ke7 32. Ke3 Ke6 0-1

[Event "Titled Tue 24th Jun Late"]
[Site "chess.com INT"]
[Date "2025.06.24"]
[Round "11"]
[White "Li, Xueyi"]
[Black "Tsiolakidis, Anastasios"]
[Result "0-1"]
[WhiteTitle "WGM"]
[BlackTitle "FM"]
[WhiteElo "2220"]
[BlackElo "2298"]
[WhiteFideId "8605912"]
[BlackFideId "4201477"]
[EventDate "2025.06.24"]

1. d4 c5 2. d5 e5 3. e4 d6 4. g3 h5 5. Bg2 h4 6. Nf3 h3 7. Bf1 Be7 8. c4 g5 9.
Be3 g4 10. Nfd2 Nd7 11. Qxg4 Ngf6 12. Qd1 a6 13. Nc3 b5 14. cxb5 axb5 15. Nxb5
Nb6 16. Nc3 Ng4 17. Bb5+ Kf8 18. Nc4 Nxc4 19. Bxc4 Nxe3 20. fxe3 Bg5 21. Qf3 Rh6
22. Rf1 Rf6 23. Qe2 Kg7 24. Rxf6 Qxf6 25. O-O-O Bd7 26. Rf1 Qh6 27. Re1 f6 28.
Kb1 Be8 29. Bb5 Bh5 30. Qd2 Bf3 31. Bd7 Qh5 0-1

[Event "Titled Tue 24th Jun Late"]
[Site "chess.com INT"]
[Date "2025.06.24"]
[Round "11"]
[White "Harriott, Tyrell"]
[Black "Zdorov, Egor Vit"]
[Result "0-1"]
[BlackTitle "CM"]
[WhiteElo "1924"]
[BlackElo "2101"]
[WhiteFideId "2086484"]
[BlackFideId "55688560"]
[EventDate "2025.06.24"]

1. d4 Nf6 2. e3 d5 3. Bd3 c5 4. c3 Nc6 5. f4 Bg4 6. Ne2 e6 7. Nd2 cxd4 8. exd4
Bd6 9. O-O O-O 10. Nf3 Bf5 11. Ne5 Ne4 12. Ng3 Nxg3 13. hxg3 Bxd3 14. Nxd3 f6
15. Qe2 Qd7 16. Bd2 Rae8 17. Rae1 Rf7 18. Qf3 Ne7 19. Re2 b6 20. Rfe1 Nf5 21. g4
Nh4 22. Qh3 Ng6 23. f5 Nf8 24. Bf4 Rfe7 25. Bxd6 Qxd6 26. Qf3 e5 27. dxe5 fxe5
28. Qf2 Nd7 29. g5 Rf7 30. g4 e4 31. Nf4 Ne5 32. Qh4 Nf3+ 33. Kh1 Nxh4 34. Ng2
Nxg2 35. Kg1 Nxe1 36. Rxe1 Qg3+ 37. Kf1 Qxe1+ 38. Kxe1 h6 39. Ke2 hxg5 40. Ke3
g6 41. fxg6 Rf6 42. b3 Kg7 43. c4 Kxg6 44. cxd5 Rf3+ 45. Kd4 Rg3 46. d6 Rxg4 47.
d7 Rd8 48. Ke5 Rxd7 49. Ke6 Rd2 50. b4 e3 51. b5 e2 0-1

[Event "Titled Tue 24th Jun Late"]
[Site "chess.com INT"]
[Date "2025.06.24"]
[Round "11"]
[White "Lysyj, Igor"]
[Black "Sprenar, Petr"]
[Result "1-0"]
[WhiteTitle "GM"]
[BlackTitle "FM"]
[WhiteElo "2582"]
[BlackElo "2318"]
[WhiteFideId "4150120"]
[BlackFideId "397164"]
[EventDate "2025.06.24"]

1. d4 d5 2. c4 e6 3. Nc3 Bb4 4. e3 Nf6 5. a3 Bxc3+ 6. bxc3 c6 7. a4 O-O 8. Nf3
b6 9. cxd5 cxd5 10. Bb5 Ne4 11. Ba3 Nd6 12. O-O a6 13. Bd3 Qc7 14. Qc2 h6 15.
Ne5 Bb7 16. f4 f5 17. Rab1 Rc8 18. Rfc1 Nc4 19. Bxc4 dxc4 20. Qb2 Be4 21. Qxb6
Bxb1 22. Qxe6+ Kh7 23. Rxb1 Nc6 24. Qxf5+ Kg8 25. Qe6+ Kh7 26. Bd6 Qd8 27. Qg6+
Kg8 28. Rb7 1-0

[Event "Titled Tue 24th Jun Late"]
[Site "chess.com INT"]
[Date "2025.06.24"]
[Round "11"]
[White "Hadzovic, Amir"]
[Black "Damaraju, Ashwin"]
[Result "1-0"]
[WhiteTitle "FM"]
[WhiteElo "2354"]
[BlackElo "2084"]
[WhiteFideId "14402300"]
[BlackFideId "39908348"]
[EventDate "2025.06.24"]

1. e4 c5 2. Nc3 d6 3. f4 g6 4. Nf3 Bg7 5. Bc4 Nc6 6. O-O e6 7. Qe1 Nge7 8. d3
O-O 9. Qh4 d5 10. Bb3 Nd4 11. f5 Nxf3+ 12. Rxf3 exf5 13. Bg5 c4 14. Nxd5 f6 15.
Bxc4 Be6 16. Nxf6+ Rxf6 17. Bxf6 Bd5 18. exd5 Qb6+ 19. Kh1 Bxf6 20. d6+ Kg7 21.
Qf4 Nc6 22. Rh3 Qxb2 23. Qh6+ Kh8 1-0

[Event "Titled Tue 24th Jun Late"]
[Site "chess.com INT"]
[Date "2025.06.24"]
[Round "11"]
[White "Fernandez, Maria Florencia"]
[Black "Sitnic, Adnan"]
[Result "0-1"]
[WhiteTitle "WIM"]
[BlackTitle "CM"]
[WhiteElo "2163"]
[BlackElo "2058"]
[WhiteFideId "116459"]
[BlackFideId "14403854"]
[EventDate "2025.06.24"]

1. d4 Nf6 2. c4 e6 3. Nc3 Bb4 4. a3 Bxc3+ 5. bxc3 c5 6. d5 d6 7. f3 e5 8. e4 h6
9. Bd3 Nbd7 10. Ne2 Nf8 11. g4 g5 12. Ng3 Ng6 13. Be3 Nf4 14. Bxf4 exf4 15. Nf5
Bxf5 16. gxf5 Nd7 17. Qd2 Ne5 18. Be2 Qa5 19. h4 O-O-O 20. hxg5 hxg5 21. Kf2
Rxh1 22. Rxh1 Qxa3 23. f6 Qa4 24. Rh5 Nxc4 25. Bxc4 Qxc4 26. Rxg5 Rh8 27. Qxf4
Qxc3 28. Rg2 Qc2+ 29. Kg1 Qd1+ 30. Kf2 Rh1 31. Qe3 Rf1+ 32. Kg3 b5 33. Kf4 b4 0-1

[Event "Titled Tue 24th Jun Late"]
[Site "chess.com INT"]
[Date "2025.06.24"]
[Round "11"]
[White "Brancaleoni, Maurizio"]
[Black "Lin, Bryan Enming"]
[Result "0-1"]
[WhiteTitle "FM"]
[BlackTitle "FM"]
[WhiteElo "2185"]
[BlackElo "2343"]
[WhiteFideId "803022"]
[BlackFideId "30987121"]
[EventDate "2025.06.24"]

1. Nf3 Nf6 2. c4 g6 3. b3 Bg7 4. Bb2 O-O 5. g3 d6 6. Bg2 e5 7. d3 Re8 8. O-O a5
9. Nc3 Nc6 10. h3 e4 11. Nxe4 Nxe4 12. Bxg7 Nxf2 13. Rxf2 Kxg7 14. Qd2 Qe7 15.
Raf1 Qe3 16. Qc3+ Kg8 17. Ng5 Qxg5 18. Rxf7 Qe5 19. Qc1 Be6 20. R7f6 Nd4 21. Qh6
Nxe2+ 22. Kh2 Nxg3 23. R1f4 Nh5 24. Rxg6+ hxg6 25. Qxg6+ Ng7 26. Qg3 Rf8 27.
Rxf8+ Rxf8 0-1

[Event "Titled Tue 24th Jun Late"]
[Site "chess.com INT"]
[Date "2025.06.24"]
[Round "11"]
[White "Gerbelli Neto, Eduardo"]
[Black "Bezuch, Martin"]
[Result "1-0"]
[BlackTitle "FM"]
[WhiteElo "2114"]
[BlackElo "2238"]
[WhiteFideId "2103281"]
[BlackFideId "14906333"]
[EventDate "2025.06.24"]

1. e4 g6 2. Nc3 Bg7 3. f4 d6 4. Nf3 c5 5. Bb5+ Bd7 6. Bc4 e6 7. O-O Bc6 8. d3
Ne7 9. Qe1 Qd7 10. f5 gxf5 11. exf5 Nxf5 12. Ng5 Bd4+ 13. Kh1 Bxc3 14. bxc3 d5
15. Rxf5 dxc4 16. Rxf7 Qd5 17. Rf2 cxd3 18. Nxe6 Kd7 19. Rf7+ Ke8 20. Ng5+ Qe4
21. Nxe4 Kxf7 22. Qf2+ Ke8 23. Qf6 1-0

[Event "Titled Tue 24th Jun Late"]
[Site "chess.com INT"]
[Date "2025.06.24"]
[Round "11"]
[White "Terletsky, Oleg"]
[Black "Levano Loayza, Adriano Jaffet"]
[Result "1/2-1/2"]
[WhiteTitle "IM"]
[BlackTitle "CM"]
[WhiteElo "2160"]
[BlackElo "2023"]
[WhiteFideId "14116774"]
[BlackFideId "3865584"]
[EventDate "2025.06.24"]

1. e4 c5 2. Nf3 d6 3. d4 cxd4 4. Nxd4 Nf6 5. Nc3 Nc6 6. Bc4 e6 7. Be3 a6 8. Qe2
Na5 9. Bd3 Qc7 10. O-O Be7 11. f4 O-O 12. g4 Nd7 13. g5 b5 14. f5 b4 15. fxe6
bxc3 16. exf7+ Rxf7 17. Rxf7 Kxf7 18. b4 Nc6 19. Bc4+ Ke8 20. Qh5+ g6 21. Qxh7
Nde5 22. Qg8+ Bf8 23. Rf1 Qg7 24. Qd5 Bd7 25. Nxc6 Bxc6 26. Qe6+ Be7 27. Bd4 Bd7
28. Qd5 Bc6 29. Qe6 Bd7 30. Qd5 Bc6 31. Qe6 1/2-1/2

[Event "Titled Tue 24th Jun Late"]
[Site "chess.com INT"]
[Date "2025.06.24"]
[Round "11"]
[White "Schuster, Karsten"]
[Black "Fedoryshyn, Ievgenii"]
[Result "0-1"]
[WhiteTitle "FM"]
[BlackTitle "FM"]
[WhiteElo "2266"]
[BlackElo "2278"]
[WhiteFideId "4611071"]
[BlackFideId "26095467"]
[EventDate "2025.06.24"]

1. e4 c6 2. d4 d5 3. exd5 cxd5 4. Bd3 Nf6 5. c3 Bg4 6. Qb3 Qd7 7. Bf4 e6 8. Nd2
Nc6 9. Ngf3 Bd6 10. Bg3 O-O 11. Ne5 Qc7 12. Nxg4 Nxg4 13. Nf3 Na5 14. Qc2 h6 15.
O-O Bxg3 16. hxg3 Nc4 17. Bxc4 Qxc4 18. a3 Rac8 19. Rfe1 b5 20. Ne5 Nxe5 21.
Rxe5 Qxd4 22. Qe2 Qc4 23. Qe3 a5 24. f4 b4 25. cxb4 axb4 26. f5 d4 27. Qf4 exf5
28. Rxf5 b3 29. Rf1 d3 30. Kh2 Qxf4 31. R5xf4 Rfd8 32. Rd1 Rc2 33. Rf3 d2 34.
Rf2 Rxb2 35. a4 Rc2 36. a5 b2 37. a6 Rc1 38. Rdxd2 Rxd2 39. Rxd2 b1=Q 40. a7
Rh1# 0-1

[Event "Titled Tue 24th Jun Late"]
[Site "chess.com INT"]
[Date "2025.06.24"]
[Round "11"]
[White "Romany, Joy"]
[Black "Watanabe, Akira"]
[Result "1-0"]
[WhiteTitle "WIM"]
[BlackTitle "FM"]
[WhiteElo "1960"]
[BlackElo "2284"]
[WhiteFideId "10656820"]
[BlackFideId "7000227"]
[EventDate "2025.06.24"]

1. d4 Nf6 2. c4 g6 3. Nc3 Bg7 4. e4 d6 5. f3 O-O 6. Be3 c5 7. Nge2 Nc6 8. Qd2
Na5 9. b3 Nd7 10. g4 cxd4 11. Bxd4 Ne5 12. Bg2 Nac6 13. Be3 Nb4 14. O-O f5 15.
gxf5 gxf5 16. Bh6 Bxh6 17. Qxh6 Rf6 18. Qd2 Rg6 19. Kh1 fxe4 20. Nxe4 Qb6 21.
Nf4 Rg7 22. Nh5 Rg6 23. f4 Ned3 24. f5 Rg4 25. f6 e5 26. f7+ 1-0

[Event "Titled Tue 24th Jun Late"]
[Site "chess.com INT"]
[Date "2025.06.24"]
[Round "11"]
[White "Skramstad, Oda Kofoed"]
[Black "Izafatava, Kira"]
[Result "0-1"]
[WhiteTitle "WCM"]
[BlackTitle "WCM"]
[WhiteElo "1898"]
[BlackElo "2036"]
[WhiteFideId "1564862"]
[BlackFideId "13521705"]
[EventDate "2025.06.24"]

1. d4 d5 2. c4 e6 3. Nc3 a6 4. Nf3 Nf6 5. cxd5 exd5 6. Bg5 c6 7. e3 Be6 8. Bd3
Bd6 9. O-O Nbd7 10. a3 h6 11. Bh4 Qc7 12. Rb1 O-O 13. b4 a5 14. b5 Bxa3 15. Na4
Bb4 16. Qb3 Ne4 17. Rfc1 Ndf6 18. bxc6 bxc6 19. Bb5 c5 20. dxc5 d4 21. Qd3 dxe3
22. Qxe3 Rad8 23. Nd4 Ng4 24. Bg3 Nxg3 25. hxg3 Nxe3 26. fxe3 Qxg3 27. Nc2 Rd2
28. Bf1 Bc4 29. Ne1 Qf2+ 30. Kh2 Bxf1 31. c6 Bxg2 32. c7 Bf3+ 33. Kh3 Qh2# 0-1

[Event "Titled Tue 24th Jun Late"]
[Site "chess.com INT"]
[Date "2025.06.24"]
[Round "11"]
[White "Suarez, Pedro"]
[Black "Mecit, Emre"]
[Result "1-0"]
[WhiteTitle "CM"]
[WhiteElo "2066"]
[BlackElo "2007"]
[WhiteFideId "3007642"]
[BlackFideId "6304214"]
[EventDate "2025.06.24"]

1. d4 Nf6 2. c4 c5 3. d5 b5 4. cxb5 a6 5. bxa6 g6 6. Nc3 Bxa6 7. e4 Bxf1 8. Kxf1
d6 9. Nge2 Bg7 10. h3 O-O 11. Kg1 Nbd7 12. Kh2 Qa5 13. Qc2 Rfb8 14. Rb1 Ne8 15.
Bd2 Qa6 16. b3 Ne5 17. Nf4 Nc7 18. a4 c4 19. b4 e6 20. b5 Qc8 21. Be3 exd5 22.
Ncxd5 Nxd5 23. Nxd5 Qd8 24. f4 Nd3 25. Qxc4 Nc5 26. Bxc5 dxc5 27. Qxc5 Bf8 28.
Qd4 Bg7 29. Qb4 Bf8 30. Qb3 Rc8 31. Rbc1 Qd6 32. e5 Qb8 33. Rxc8 Qxc8 34. Nb6
Qb8 35. Nxa8 Qxa8 36. b6 Qe4 37. Qf3 Qxa4 38. b7 Qb4 39. Rc1 Bh6 40. Rc8+ Kg7
41. g3 Qb2+ 42. Qg2 1-0

[Event "Titled Tue 24th Jun Late"]
[Site "chess.com INT"]
[Date "2025.06.24"]
[Round "11"]
[White "Sjugirov, Sanan"]
[Black "Vasquez Schroeder, Rodrigo"]
[Result "1-0"]
[WhiteTitle "GM"]
[BlackTitle "GM"]
[WhiteElo "2635"]
[BlackElo "2446"]
[WhiteFideId "4189302"]
[BlackFideId "3400042"]
[EventDate "2025.06.24"]

1. Nf3 c5 2. g3 b6 3. Bg2 Bb7 4. O-O Nf6 5. d3 e6 6. e4 d6 7. a4 Nc6 8. Nbd2 Be7
9. Nc4 O-O 10. e5 dxe5 11. Nfxe5 Qc8 12. Qf3 Na5 13. Qe2 Bxg2 14. Kxg2 Nc6 15.
Nxc6 Qxc6+ 16. Qf3 Qxf3+ 17. Kxf3 Nd5 18. Bd2 Rac8 19. Rfe1 Rfd8 20. h4 Bf6 21.
h5 h6 22. Rab1 Kf8 23. g4 Rd7 24. Rg1 Ne7 25. Be3 Nc6 26. Rbe1 Rd5 27. b3 Rcd8
28. Kg2 Bd4 29. Re2 e5 30. Kh3 f6 31. Rf1 R5d7 32. Bd2 Kg8 33. Kg2 e4 34. Rxe4
Be5 35. Rfe1 Kf7 36. f4 Bc7 37. Bc3 Ne7 38. Kf3 Nd5 39. Bd2 Ne7 40. Ne3 Bb8 41.
Bc1 Bc7 42. Bb2 Bb8 43. Re2 Bc7 44. Rg2 Kf8 45. g5 f5 46. Re6 Kf7 47. Rxe7+ Rxe7
48. Nxf5 Re1 49. gxh6 gxh6 50. Rg7+ Ke6 51. Rxc7 Kxf5 52. Rf7+ Ke6 53. Rf6+ Kd7
54. Rxh6 Rf1+ 55. Ke4 Re8+ 56. Be5 Re1+ 57. Kd5 Re2 58. Rh7+ Re7 59. Rxe7+ Kxe7
60. h6 Rh2 61. Bg7 Kf7 62. c3 Rh3 63. Kc4 Kg6 64. d4 cxd4 65. cxd4 Kf5 66. d5
Rh4 67. Kb5 Kg6 68. d6 Rxf4 69. d7 Rf5+ 70. Kc6 Rc5+ 71. Kd6 Rc2 72. d8=Q 1-0

[Event "Titled Tue 24th Jun Late"]
[Site "chess.com INT"]
[Date "2025.06.24"]
[Round "11"]
[White "Venskaya, Nika"]
[Black "Clawitter, Craig"]
[Result "1-0"]
[WhiteTitle "WCM"]
[WhiteElo "1926"]
[BlackElo "2050"]
[WhiteFideId "13523503"]
[BlackFideId "2023105"]
[EventDate "2025.06.24"]

1. d4 e6 2. Nf3 Nf6 3. g3 d5 4. Bg2 Be7 5. O-O O-O 6. c4 dxc4 7. Qc2 a6 8. a4
Bd7 9. Qxc4 Bc6 10. Qc3 a5 11. Ne5 Bxg2 12. Kxg2 Na6 13. f3 c5 14. dxc5 Nxc5 15.
Qc2 Rc8 16. Nc3 Nd5 17. Rd1 Nb4 18. Qb1 Qb6 19. Be3 Rfd8 20. Bxc5 Bxc5 21. Qe4
Bd4 22. Rac1 Qc7 23. Rxd4 Rxd4 24. Qxd4 Nd5 25. Nxd5 Qxc1 26. Ne7+ Kf8 27. Nxc8
Qxc8 28. Qd6+ Kg8 29. Qd7 Qf8 30. Qxb7 f6 31. Nd7 Qd6 32. Qb8+ Qxb8 33. Nxb8 Kf7
34. Nc6 1-0

[Event "Titled Tue 24th Jun Late"]
[Site "chess.com INT"]
[Date "2025.06.24"]
[Round "11"]
[White "Swara Lakshmi S Nair"]
[Black "Hobson, Kenneth"]
[Result "1-0"]
[WhiteTitle "WCM"]
[BlackTitle "FM"]
[WhiteElo "2187"]
[BlackElo "2361"]
[WhiteFideId "25629239"]
[BlackFideId "480819"]
[EventDate "2025.06.24"]

1. e4 c5 2. Nf3 d6 3. d4 cxd4 4. Nxd4 Nf6 5. Nc3 a6 6. h3 Nc6 7. g4 g6 8. Be3
Nxd4 9. Bxd4 Bh6 10. Bg2 O-O 11. Qe2 e5 12. Be3 Bxe3 13. Qxe3 Be6 14. O-O-O b5
15. Kb1 Qa5 16. Nd5 Nxd5 17. exd5 Bd7 18. h4 f5 19. gxf5 Bxf5 20. h5 Qa4 21. Rd2
Rac8 22. hxg6 Rxc2 23. gxh7+ Kh8 24. Rxc2 Qxc2+ 25. Ka1 Bg6 26. a3 Qxf2 27. Qh6
Qf6 28. Rf1 Qxf1+ 29. Bxf1 Rxf1+ 30. Ka2 Bxh7 31. Qxd6 Bg6 32. Qxe5+ 1-0

[Event "Titled Tue 24th Jun Late"]
[Site "chess.com INT"]
[Date "2025.06.24"]
[Round "11"]
[White "Hua, Lefong"]
[Black "Nayak, Rajesh"]
[Result "1-0"]
[WhiteTitle "FM"]
[BlackTitle "FM"]
[WhiteElo "2305"]
[BlackElo "2262"]
[WhiteFideId "2602253"]
[BlackFideId "35017152"]
[EventDate "2025.06.24"]

1. d4 Nf6 2. c4 g6 3. Nc3 Bg7 4. e4 d6 5. f4 O-O 6. Nf3 c5 7. d5 e6 8. Be2 exd5
9. cxd5 Re8 10. Nd2 c4 11. a4 Na6 12. O-O Nc5 13. Bf3 b6 14. e5 dxe5 15. fxe5
Rxe5 16. Nxc4 Re8 17. d6 Bb7 18. Bxb7 Nxb7 19. Qf3 Nxd6 20. Rd1 Nxc4 21. Rxd8
Raxd8 22. Bg5 Rd6 23. Nb5 Rde6 24. Nc7 Ne4 25. Nxe6 Rxe6 26. Bh4 Bd4+ 27. Kh1 f5
28. Rc1 Ne5 29. Qb3 1-0

[Event "Titled Tue 24th Jun Late"]
[Site "chess.com INT"]
[Date "2025.06.24"]
[Round "11"]
[White "Askarov, Bakhtiyar"]
[Black "Rojas Alarcon, Julian Antonio"]
[Result "1-0"]
[WhiteTitle "IM"]
[BlackTitle "FM"]
[WhiteElo "2297"]
[BlackElo "2365"]
[WhiteFideId "13701100"]
[BlackFideId "5107407"]
[EventDate "2025.06.24"]

1. Nf3 c5 2. b3 Nf6 3. Bb2 d5 4. e3 a6 5. d4 Nc6 6. Bd3 Bg4 7. Nbd2 e6 8. O-O
Bd6 9. h3 Bh5 10. a3 cxd4 11. exd4 O-O 12. Re1 Rc8 13. Nf1 Qc7 14. c4 Rfd8 15.
c5 Bf4 16. b4 Ne4 17. Rb1 f5 18. Ba1 Rf8 19. a4 Rf6 20. b5 axb5 21. axb5 Ne7 22.
Be2 Ng6 23. Ne5 Bxe2 24. Rxe2 Nxe5 25. dxe5 Rg6 26. c6 Ng5 27. Kh1 Rh6 28. Qd3
Ne4 29. Kg1 bxc6 30. b6 Qb7 31. Ra2 Nc5 32. Qd4 Ne4 33. Ra7 c5 34. Qa4 Qb8 35.
b7 Rf8 36. Ra8 1-0

[Event "Titled Tue 24th Jun Late"]
[Site "chess.com INT"]
[Date "2025.06.24"]
[Round "11"]
[White "Dehtiarov, Roman"]
[Black "Volodin, Alexandr E."]
[Result "1-0"]
[WhiteTitle "FM"]
[BlackTitle "FM"]
[WhiteElo "2416"]
[BlackElo "2344"]
[WhiteFideId "14186640"]
[BlackFideId "34268871"]
[EventDate "2025.06.24"]

1. e4 c5 2. Nf3 d6 3. d4 cxd4 4. Nxd4 Nf6 5. Nc3 a6 6. Bg5 e6 7. Qf3 Be7 8.
O-O-O Nbd7 9. h4 Qc7 10. h5 h6 11. Bh4 O-O 12. g4 Ne5 13. Qg2 Nfxg4 14. Bxe7
Qxe7 15. Rg1 Qf6 16. Be2 Qg5+ 17. Kb1 Nf6 18. Qh2 Nfg4 19. Qg3 Nf6 20. Qh2 Nfg4
21. Bxg4 Nxg4 22. Qxd6 Qe5 23. Qe7 Nf6 24. Rxg7+ Kxg7 25. Rg1+ 1-0